000 01147nam a22003497a 4500
001 BR7800579
003 BR-BrBNA
005 20230928085524.0
007 ta
008 230509b bl.||||| |||| 00| 0 por d
040 _aBR-BrBNA
_bpor
_cBiblioteca Nacional de Agricultura
041 _a(Por)
072 _aF60; F25; F00
_b0336
_b3820
_b3840
_b/GZ74
_b/G514
090 _ 0336 BR7800579
100 1 _aRezende, P.M. de
110 1 _aEscola Superior de Agricultura de Lavras, MG (Brasil)
_0Tese (Mestrado)
245 1 _aEfeito de inoculantes, molibdenio, calcario e nitrogenio sobre a nodulacao, producao de graos e outras caracteristicas da soja (Glycine max L. Merril), em dois solos sob cerrado [Brasil]
260 3 _aLavras, MG (Brasil):
_c1977.
300 _a76 p.
500 _a27 illus.; Summaries (Eng, Por); Bibliography p. 67-76 (61 ref.)
650 _aSoja
650 _aSemente
650 _aInoculacao
650 _aMolibdenio
650 _aCalcario
650 _aNitrogenio
650 _aFertilizante nitrogenado
650 _aNodulo
650 _aCerrado
909 _a202309
_bLucia
_c55
_dLucia Elande
942 _cBK
999 _c24896
_d24896